Aprendizaje, juego y placer. volumen ii /

Guardado en:
Autor Principal: Jaitin de Langer, Rosa
Formato: Libro
Publicado: Argentina : B£squeda, 1986
Materias:
Etiquetas: Agregar Etiqueta
Sin Etiquetas, Sea el primero en etiquetar este registro!
LEADER 00982nam a22002175a 4500
001 CEM.cems003443
005 19000101000000.0
008 130507s1986##################000#0#####d
003 CEMS
082 0 4 |a 371.73 
100 1 |a Jaitin de Langer, Rosa 
245 1 0 |a Aprendizaje, juego y placer. volumen ii /  |c Rosa Jaitin de Langer 
260 |a Argentina :  |b B£squeda,  |c 1986 
300 |a 160 p. 
505 0 |a Problemas generales en el desarrollo de la representaci¢n.-Consideraciones generales sobre el abordaje de los problemas de aprendizaje.-El proceso transferencial en grupos de aprendizaje.-Estrategias terapeuticas de los problemas de aprendizaje de acuerdo al grado y etiolog¡a del trastorno.-El tratamiento psicopedag¢gico en el ni¤o neur¢tico, psic¢tico y organico.- 
653 |a Aprendizaje 
653 |a Aprendizaje 
653 |a Aprendizaje-juego 
653 |a Aprendizaje-juego 
653 |a Educacion 
859 |a CEMS  |b BIB. CEMS - 11 de abril  |h 371.73  |i J191/2  |p 16828.93  |t Ej.1